| 000 | 00784nam a2200253Ia 4500 | ||
|---|---|---|---|
| 003 | OSt | ||
| 005 | 20220928112554.0 | ||
| 006 | a|||||r|||| 00| 0 | ||
| 007 | ta | ||
| 008 | 220927b |||||||| |||| 00| 0 eng d | ||
| 020 | _c2090 | ||
| 024 | _a109923 | ||
| 037 |
_b32, 01/11/2010, Better Book Service _cTextual |
||
| 040 |
_aSDCL _cSDCL _beng |
||
| 041 |
_2eng _aeng |
||
| 082 | _aX64.2'p, Q0 | ||
| 100 |
_aBhasin Niti _9428836 |
||
| 245 | 0 |
_aFinancial institutions and financial markets in India _b Functioning and reforms. |
|
| 260 |
_aNew Delhi _bNew Century Publications _c2010 |
||
| 300 |
_alvi,564p _ccm. |
||
| 650 | _aFinancial Studies | ||
| 942 |
_hX64.2'p, Q0 _cTEXL _2CC |
||
| 999 |
_c745340 _d745340 |
||